Po stopách E. Hemingwaya

Bibliographic Details
Main Author: (ant) (Author)
Format: Article
Language:Slovak
Subjects:

MARC

LEADER 00000nab a2200000 a 4500
001 vtls000174210
003 SK-MaSNL
005 20260302210228.0
008 111104c1984 xo 0 slo
015 |a SNBRB19rr/mm-uuuuu 
035 |a CL0184322 
040 |a SNKBUCL  |b slo  |c SNKBUCL  |e AACR2 
041 0 |a slo 
044 |a xo  |c SK 
080 |a 82:061.7  |2 1981 
080 |a 061.7  |2 1981 
080 |a 820 (73)  |2 1981 
080 |a 82  |2 1981 
080 |a 929  |2 1981 
080 |a 929 Hemingway, Ernest  |2 1981 
100 1 |a (ant)  |4 aut  |9 933006 
245 1 0 |a Po stopách E. Hemingwaya  |c (ant) 
600 1 7 |a Hemingway, Ernest,  |d 1899-1961  |2 snkbucl  |9 205167 
651 7 |a 5211  |2 snkbucl  |9 283191 
655 7 |a články z novín a časopisov  |2 snkbucl  |9 267496 
655 7 |a články z odboru literárna veda a krásna literatúra  |2 snkbucl  |9 770045 
773 0 |t Hlas ľudu  |g Roč. 30, č. 32 (7. 2. 1984), s. /2/ 
850 |a Slovenská národná knižnica v Martine  |a MTA001 
852 |a SNK  |b KIS3GCP 
958 |a RK 
958 |a LX 
992 |a RBX 
999 |c 1481513  |d 1483443